000 00847nam a2200241Ia 4500
003 OSt
005 20220923221622.0
006 a|||||r|||| 00| 0
007 ta
008 220922b |||||||| |||| 00| 0 hin d
024 _a198,683
037 _cTextual
040 _aARTS
_cARTS
_bhin
041 _2hin
_ahin
082 _aP152:(Y), 152N4
100 _aश्रीवास्तव, रवीन्द्रनाथ
245 0 _aहिन्दी भाषा का समाजशास्त्र
246 _aHindī bhāṣhā kā samājashāstra
260 _aदिल्ली
_b राधा कृष्ण प्रकाशन
_c1994
300 _a300पृ.
_ccm.
942 _hP152:(Y), 152N4
_cTEXL
_2CC
999 _c350492
_d350492